[Event "AUTO-INT-1825"]
[Site "http://www.queenalice.com/game.php?id=835761"]
[Date "2010.9.21"]
[Round "1"]
[White "johndavidtelker"]
[Black "El_Pagano1313"]
[Result "1-0"]
[WhiteElo "1741"]
[BlackElo "1580"]

1. c4 d6 2. Nc3 Nf6 3. d3 e6 4. Nf3 d5 5. cxd5 exd5 6. d4 Bb4 7. Bd2 Bg4 8. Ne5
O-O 9. f3 Bh5 10. Qc2 Bg6 11. Qb3 Qd6 12. e3 a6 13. Be2 Nc6 14. a3 Na5 15. Qa4
Bxc3 16. Bxc3 Nc4 17. Bxc4 dxc4 18. Qxc4 b5 19. Qe2 c5 20. O-O c4 21. Rad1 Bd3
22. Nxd3 cxd3 23. Qxd3 Rae8 24. e4 Nh5 25. Bb4 Qh6 26. Bxf8 Kxf8 27. d5 Nf4 28.
Qd2 g6 29. Kh1 Qg5 30. g3 f5 31. gxf4 Qh6 32. e5 g5 33. fxg5 Qh5 34. f4 h6 35.
d6 hxg5 36. fxg5 Rxe5 37. d7 Qxg5 38. Qxg5 1-0

[Event "AUTO-INT-1825"]
[Site "http://www.queenalice.com/game.php?id=835762"]
[Date "2010.9.21"]
[Round "1"]
[White "El_Pagano1313"]
[Black "johndavidtelker"]
[Result "1-0"]
[WhiteElo "1534"]
[BlackElo "1734"]

1. e4 c6 2. d4 d5 3. e5 Bf5 4. Bd3 Bg6 5. Nf3 e6 6. c4 Ne7 7. c5 a5 8. a4 Nd7 9.
O-O Qc7 10. Nc3 b6 11. Be3 bxc5 12. dxc5 Nxe5 13. Nxe5 Qxe5 14. Ra3 d4 15. Bd2
Bxd3 16. Re1 Qxc5 17. Ne4 Qb6 18. Nd6+ Kd7 19. Nxf7 Rg8 20. Ne5+ Kc8 21. Nxd3 c5
22. Rb3 Qd6 23. Rb5 c4 24. Rc5+ Kd7 25. Rxc4 Nc6 26. Bf4 Qe7 27. Ne5+ Nxe5 28.
Rxd4+ Ke8 29. Rxe5 Ra6 30. Bg5 Qc7 31. Rd8+ 1-0

[Event "AUTO-INT-1825"]
[Site "http://www.queenalice.com/game.php?id=835769"]
[Date "2010.9.21"]
[Round "1"]
[White "juim"]
[Black "El_Pagano1313"]
[Result "1-0"]
[WhiteElo "1644"]
[BlackElo "1546"]

1. e4 e5 2. d3 Nf6 3. Bg5 Be7 4. h4 d5 5. exd5 Nxd5 6. c4 Bxg5 7. hxg5 Nf4 8. g3
Ne6 9. Nc3 Nxg5 10. Qe2 Nc6 11. Nf3 Nxf3+ 12. Qxf3 O-O 13. O-O-O Nd4 14. Qd5
Qg5+ 15. Kb1 c6 16. Qe4 Bg4 17. Qxh7# 1-0

[Event "AUTO-INT-1825"]
[Site "http://www.queenalice.com/game.php?id=835770"]
[Date "2010.9.21"]
[Round "1"]
[White "El_Pagano1313"]
[Black "juim"]
[Result "1/2-1/2"]
[WhiteElo "1591"]
[BlackElo "1776"]

1. e4 d5 2. Bd3 dxe4 3. Bxe4 Nc6 4. c3 Be6 5. d4 Na5 6. b4 Nc4 7. Bxb7 Rb8 8.
Bc6+ Bd7 9. Bxd7+ Qxd7 10. Nf3 e6 11. O-O Bd6 12. Ne5 Nxe5 13. Bf4 Nf6 14. dxe5
Be7 15. exf6 Bxf6 16. Qxd7+ Kxd7 17. Rd1+ Kc6 18. Na3 Rhd8 19. Rxd8 Rxd8 20. b5+
Kb7 21. g3 Bxc3 22. Rc1 Rd3 23. Nc4 f6 24. h4 e5 25. Be3 Bb4 26. f4 exf4 27.
Bxf4 c6 28. bxc6+ Kc8 29. Ne3 Ra3 30. Rc2 Ra5 31. c7 Bc5 32. Kf2 Bb6 33. Kf3 Rc5
34. Rxc5 Bxc5 35. Nd5 h6 36. a4 a5 37. Ne7+ Bxe7 38. g4 f5 39. g5 hxg5 40. hxg5
Bc5 41. g6 Bb6 42. Be5 Kd7 43. Kf4 Bxc7 44. Bxc7 Kxc7 45. Kxf5 Kd7 46. Ke5 Ke7
47. Kd5 Kf6 48. Kc5 Kxg6 49. Kb5 Kf5 50. Kxa5 g5 51. Kb5 g4 52. a5 g3 53. a6 g2
54. a7 g1=Q 55. a8=Q Qb1+ 56. Kc5 Qc2+ 57. Kd6 Kf4 58. Qf8+ 1/2-1/2

[Event "QA-ANNIV-05"]
[Site "http://www.queenalice.com/game.php?id=841317"]
[Date "2010.10.3"]
[Round "6"]
[White "El_Pagano1313"]
[Black "GEORGESILVA"]
[Result "0-1"]
[WhiteElo "1575"]
[BlackElo "2206"]

1. e4 c6 2. d4 d5 3. e5 Bf5 4. Nf3 e6 5. Nc3 a6 6. Nh4 Qxh4 7. Be3 Nd7 8. g3 Qd8
9. h4 h5 10. Bd3 Bxd3 11. Qxd3 c5 12. dxc5 Bxc5 13. Bxc5 Nxc5 14. Qd4 Rc8 15. b4
Nd7 16. a4 Rc4 17. Qe3 Rxb4 18. O-O d4 19. Qd3 dxc3 20. Qxc3 Rb6 21. Rad1 Ne7
22. a5 Rb5 23. Rfe1 Rxa5 24. Re4 Nd5 0-1

[Event "Challenge"]
[Site "http://www.queenalice.com/game.php?id=841513"]
[Date "2010.10.3"]
[Round "-"]
[White "MariusLola"]
[Black "El_Pagano1313"]
[Result "0-1"]
[WhiteElo "1657"]
[BlackElo "1555"]

1. e4 e5 2. Bc4 Nf6 3. d4 Nc6 4. d5 Nb4 5. Nc3 d6 6. Nf3 h6 7. O-O Ng4 8. h3 Nf6
9. a3 Na6 10. Be3 Nh5 11. Bb5+ Bd7 12. Bxa6 bxa6 13. b3 c6 14. Qd3 cxd5 15. Nxd5
Bb5 16. Qc3 Bxf1 17. Qc7 Bb5 18. Bxa7 Rc8 19. Qxd8+ Rxd8 20. Nc7+ Kd7 21. Nd5 f6
22. a4 Bc6 23. Bb6 Rc8 24. c4 Nf4 25. Kf1 Bxd5 26. cxd5 g5 27. g3 Nxh3 28. b4 g4
29. Ng1 Nxg1 30. Kxg1 Be7 31. b5 axb5 32. axb5 Rb8 33. Ra7+ Ke8 34. Bc7 Rxb5 35.
Bd8 Bxd8 0-1

[Event "AUTO-INT-1894"]
[Site "http://www.queenalice.com/game.php?id=869185"]
[Date "2010.12.8"]
[Round "1"]
[White "Wyrmnax"]
[Black "El_Pagano1313"]
[Result "0-1"]
[WhiteElo "1492"]
[BlackElo "1613"]

1. d4 Nf6 2. Bf4 Nc6 3. c3 d5 4. e3 Bg4 5. Be2 Bxe2 6. Qxe2 e6 7. Na3 Be7 8. Nb5
Bd6 9. Nf3 a6 10. Nxd6+ cxd6 11. Ng5 e5 12. dxe5 dxe5 13. Bg3 e4 14. O-O O-O 15.
Rad1 b5 16. f3 Nh5 17. fxe4 Qxg5 18. exd5 Nxg3 19. hxg3 Ne5 20. Rf4 Nc4 21. b3
Ne5 22. d6 Rad8 23. Rd5 Qxg3 24. Rxe5 Rxd6 25. Rfe4 Rdd8 26. c4 f6 27. Re7 f5
28. R4e5 g6 29. Rd5 Rxd5 30. cxd5 Qd6 31. Re6 Qxd5 32. Rxa6 Rd8 33. Qxb5 Qxb5
34. Ra4 Rd1+ 35. Kh2 Qe5+ 36. Kh3 Rh1# 0-1

[Event "AUTO-INT-1894"]
[Site "http://www.queenalice.com/game.php?id=869186"]
[Date "2010.12.8"]
[Round "1"]
[White "El_Pagano1313"]
[Black "Wyrmnax"]
[Result "0-1"]
[WhiteElo "1624"]
[BlackElo "1481"]

1. e4 c6 2. d4 d5 3. e5 Bf5 4. Nf3 e6 5. Nh4 Nh6 6. Nxf5 Nxf5 7. Be2 Be7 8. O-O
Qb6 9. c3 Bh4 10. Na3 Nd7 11. b4 f6 12. exf6 gxf6 13. Bh5+ Kd8 14. g3 Bg5 15.
Bxg5 fxg5 16. Qg4 Qa6 17. Qxg5+ Ne7 18. Qg7 Rg8 19. Qxh7 Nf6 20. Bf7 Nxh7 21.
Bxg8 Nxg8 22. f4 Ngf6 23. h3 Ne4 24. Nc2 Nxg3 25. Rf3 Ne2+ 26. Kg2 Kd7 27. a4
Rg8+ 28. Kf2 Nf6 29. b5 cxb5 30. axb5 Qxb5 31. Rxa7 Ne4+ 32. Ke3 N2xc3 33. f5
exf5 34. Rxf5 Qe2+ 35. Kf4 Qf2+ 36. Ke5 Re8# 0-1

[Event "AUTO-INT-1894"]
[Site "http://www.queenalice.com/game.php?id=869211"]
[Date "2010.12.8"]
[Round "1"]
[White "kiteflyer"]
[Black "El_Pagano1313"]
[Result "1-0"]
[WhiteElo "1789"]
[BlackElo "1617"]

1. e4 e5 2. Nf3 Nc6 3. Bb5 d6 4. d4 a6 5. Ba4 b5 6. Bb3 Nf6 7. c3 Nxe4 8. Bd5
Bd7 9. Bxe4 Be7 10. O-O O-O 11. Nbd2 Bg4 12. Bxc6 Ra7 13. h3 Bd7 14. Bxd7 Qxd7
15. Ne4 c5 16. Be3 c4 17. b4 cxb3 18. axb3 d5 19. dxe5 Rc7 20. Bf4 dxe4 21. e6
Qxd1 22. Rfxd1 Rxc3 23. Nd4 Bc5 24. Rxa6 fxe6 25. Nxe6 Rf6 26. Nxc5 Rxc5 27.
Rxf6 gxf6 28. Rd7 f5 29. b4 Rc4 30. Bd6 h5 31. Rb7 f4 32. Rxb5 e3 33. Rg5+ Kf7
34. fxe3 fxe3 35. Kf1 Re4 36. Re5 Rxe5 37. Bxe5 1-0

[Event "AUTO-INT-1894"]
[Site "http://www.queenalice.com/game.php?id=869212"]
[Date "2010.12.8"]
[Round "1"]
[White "El_Pagano1313"]
[Black "kiteflyer"]
[Result "1-0"]
[WhiteElo "1571"]
[BlackElo "1667"]

1. e4 c5 2. d4 cxd4 3. Qxd4 Nc6 4. Qd1 Nf6 5. Bd3 e5 6. Nf3 Bc5 7. O-O O-O 8.
Nc3 d6 9. Bg5 h6 10. Bh4 g5 11. Nxg5 hxg5 12. Bxg5 Bg4 13. Qd2 d5 14. exd5 Nd4
15. Bh6 Re8 16. Qg5+ 1-0

[Event "AUTO-INT-1946"]
[Site "http://www.queenalice.com/game.php?id=897088"]
[Date "2011.2.7"]
[Round "1"]
[White "Flamengo"]
[Black "El_Pagano1313"]
[Result "1-0"]
[WhiteElo "1734"]
[BlackElo "1601"]

1. e4 e5 2. Nf3 Nc6 3. Bb5 d6 4. h3 Bd7 5. d4 Qf6 6. d5 Nd4 7. Nxd4 exd4 8.
Bxd7+ Kxd7 9. O-O Re8 10. Qg4+ Kd8 11. Bg5 Rxe4 12. Bxf6+ gxf6 13. Qxe4 Be7 14.
Qxd4 f5 15. Qxh8 1-0

[Event "AUTO-INT-1946"]
[Site "http://www.queenalice.com/game.php?id=897100"]
[Date "2011.2.7"]
[Round "1"]
[White "FreitasPC"]
[Black "El_Pagano1313"]
[Result "1-0"]
[WhiteElo "1833"]
[BlackElo "1592"]

1. d4 Nf6 2. c4 d5 3. Nc3 e6 4. Nf3 dxc4 5. e3 Bb4 6. Bxc4 O-O 7. O-O Bxc3 8.
bxc3 Ne4 9. Bb2 Bd7 10. Qc2 Bc6 11. Ne5 Bd5 12. Bd3 Nd7 13. Bxe4 1-0

[Event "AUTO-INT-1946"]
[Site "http://www.queenalice.com/game.php?id=897101"]
[Date "2011.2.7"]
[Round "1"]
[White "El_Pagano1313"]
[Black "FreitasPC"]
[Result "0-1"]
[WhiteElo "1586"]
[BlackElo "1839"]

1. e4 c5 2. d4 cxd4 3. Qxd4 Nc6 4. Qd1 e5 5. Nf3 Nf6 6. Bd3 Be7 7. O-O O-O 8.
Bd2 a6 9. Bc3 d6 10. Na3 b5 11. Ng5 b4 0-1

[Event "AUTO-INT-1946"]
[Site "http://www.queenalice.com/game.php?id=897106"]
[Date "2011.2.7"]
[Round "1"]
[White "bbking"]
[Black "El_Pagano1313"]
[Result "1-0"]
[WhiteElo "1447"]
[BlackElo "1497"]

1. e4 e5 2. Nf3 Nc6 3. Bb5 d6 4. d4 Bd7 5. Bxc6 Bxc6 6. d5 Bb5 7. Nc3 Bc4 8. b3
Ba6 9. a4 Be7 10. Be3 Nf6 11. Bg5 O-O 12. Bxf6 Bxf6 13. Nb5 c6 14. c4 cxb5 15.
axb5 Bxb5 16. cxb5 Qb6 17. Qe2 Qc5 18. O-O Qb4 19. Qc4 Qxc4 20. bxc4 b6 21. g3
h6 22. Nh4 Bxh4 23. gxh4 f5 24. f3 fxe4 25. fxe4 Rxf1+ 26. Rxf1 a6 27. Rb1 a5
28. h5 a4 29. Ra1 a3 30. Kh1 Kh7 31. h4 g6 32. Kg2 Ra4 33. c5 bxc5 34. b6 g5 35.
b7 Rb4 36. hxg5 Rxb7 37. g6+ Kg7 38. Rxa3 Rb4 39. Ra7+ Kg8 40. Ra8+ Kg7 41. Rd8
Rxe4 42. Rd7+ Kf6 43. Rf7+ Kg5 44. Rd7 Kxh5 45. g7 Rg4+ 46. Kf2 c4 47. Rxd6 Rxg7
48. Rc6 Rg4 49. Kf3 Rd4 50. d6 Rf4+ 51. Ke3 Rf6 52. Ke4 Rf4+ 53. Kd5 e4 54. d7
e3 55. d8=Q e2 56. Qe8+ Kg4 57. Qxe2+ Kg5 58. Qe3 h5 59. Ke5 1-0

[Event "AUTO-INT-1946"]
[Site "http://www.queenalice.com/game.php?id=897107"]
[Date "2011.2.7"]
[Round "1"]
[White "El_Pagano1313"]
[Black "bbking"]
[Result "0-1"]
[WhiteElo "1574"]
[BlackElo "1512"]

1. e4 e5 2. Nf3 Nc6 3. Nc3 Nf6 4. d3 d5 5. Bg5 h6 6. Nxd5 hxg5 7. Nxg5 Be6 8.
Nxf6+ gxf6 9. Nxe6 fxe6 10. Be2 f5 11. Bh5+ Kd7 12. O-O Qh4 13. g4 fxg4 14. Qxg4
Rxh5 15. Qxh4 Rxh4 16. c3 Bc5 17. b4 Rg4+ 18. Kh1 Bb6 19. f3 Rf4 20. b5 Na5 21.
Rfd1 Rxf3 22. c4 c6 23. bxc6+ Nxc6 24. a4 a5 25. Rab1 Nb4 26. Rb3 Bc5 27. Kg2
Raf8 28. h3 Rf2+ 29. Kg3 Rg8+ 30. Kh4 Rh8+ 31. Kg3 Rg8+ 32. Kh4 Rfg2 33. Kh5
Rh8# 0-1

[Event "AUTO-INT-2038"]
[Site "http://www.queenalice.com/game.php?id=939881"]
[Date "2011.5.19"]
[Round "1"]
[White "Diogolopes"]
[Black "El_Pagano1313"]
[Result "0-1"]
[WhiteElo "1580"]
[BlackElo "1467"]

1. e4 e5 2. Nf3 Nc6 3. Bc4 Nf6 4. d3 d6 5. Ng5 Be6 6. Bxe6 fxe6 7. c4 Qe7 8. Na3
Nd4 9. Qa4+ c6 10. b4 d5 11. b5 h6 12. bxc6 bxc6 13. f4 exf4 14. Bxf4 Qb4+ 15.
Qxb4 Bxb4+ 16. Bd2 Bxd2+ 17. Kxd2 hxg5 18. e5 Ng4 19. h3 Nxe5 20. Rhe1 g4 21.
Rxe5 gxh3 22. Ke3 c5 23. cxd5 hxg2 24. Rg5 Rh3+ 25. Ke4 Rh1 26. Rxg7 Rxa1 27.
Rg8+ Ke7 28. Rxa8 g1=Q 29. Rxa7+ Kf6 30. dxe6 Re1+ 31. Kd5 Nxe6 32. Ra5 Qd4+ 33.
Kc6 Qxd3 34. Nb5 Nd8+ 35. Kxc5 Rc1+ 36. Kb6 Rc6+ 37. Ka7 Qd7+ 38. Kb8 Qb7# 0-1

[Event "AUTO-INT-2038"]
[Site "http://www.queenalice.com/game.php?id=939882"]
[Date "2011.5.19"]
[Round "1"]
[White "El_Pagano1313"]
[Black "Diogolopes"]
[Result "0-1"]
[WhiteElo "1479"]
[BlackElo "1573"]

1. e4 e5 2. Nf3 Nc6 3. c3 d6 4. d4 Nf6 5. Bd3 g5 6. Nxg5 Bg4 7. Be2 h5 8. Bxg4
Nxg4 9. d5 Bh6 10. O-O Bxg5 11. f4 Bxf4 12. Bxf4 exf4 13. dxc6 Ne3 14. Qd3 Nxf1
15. Qxf1 bxc6 16. c4 Qf6 17. Nc3 Qd4+ 18. Kh1 Qd2 19. Rb1 Kd7 20. a4 Rab8 21.
Nd1 Rb3 22. h3 Rg8 23. Nc3 Rg3 24. c5 dxc5 25. Rd1 Rxb2 26. Rxd2+ Rxd2 27. Ne2
Re3 28. Nxf4 Rxe4 29. a5 Red4 30. Nxh5 Rd1 0-1

[Event "AUTO-INT-2038"]
[Site "http://www.queenalice.com/game.php?id=939893"]
[Date "2011.5.19"]
[Round "1"]
[White "kadu10"]
[Black "El_Pagano1313"]
[Result "1-0"]
[WhiteElo "1634"]
[BlackElo "1508"]

1. e4 e5 2. Nf3 Nc6 3. Bb5 d6 4. d3 Bd7 5. Nc3 Nd4 6. Bxd7+ Qxd7 7. Nxd4 exd4 8.
Ne2 c5 9. c3 Be7 10. cxd4 Nf6 11. dxc5 dxc5 12. O-O O-O 13. Be3 Ng4 14. Bf4 c4
15. h3 Nf6 16. dxc4 Qxd1 17. Rfxd1 Nxe4 18. b3 Bh4 19. f3 1-0

[Event "AUTO-INT-2038"]
[Site "http://www.queenalice.com/game.php?id=939894"]
[Date "2011.5.19"]
[Round "1"]
[White "El_Pagano1313"]
[Black "kadu10"]
[Result "0-1"]
[WhiteElo "1520"]
[BlackElo "1622"]

1. e4 e5 2. Nf3 Nf6 3. Nc3 Bb4 4. d3 d6 5. Bd2 Nc6 6. Nd5 Nxd5 7. exd5 Bxd2+ 8.
Qxd2 Ne7 9. c4 c6 10. Be2 cxd5 11. O-O O-O 12. cxd5 Nxd5 13. d4 Nf4 14. Bb5 Bd7
15. Bxd7 Qxd7 16. a4 b6 17. dxe5 Ne6 18. exd6 Rfd8 0-1

[Event "AUTO-INT-2038"]
[Site "http://www.queenalice.com/game.php?id=939901"]
[Date "2011.5.19"]
[Round "1"]
[White "El_Pagano1313"]
[Black "daga2008"]
[Result "0-1"]
[WhiteElo "1556"]
[BlackElo "1481"]

1. e4 e5 2. Nf3 Qe7 3. d3 b6 4. Nc3 f6 5. Nd5 Qd8 6. Be2 c6 7. Nb4 a5 8. Nxc6
dxc6 9. O-O Bd6 10. Be3 Bc5 0-1